000 00879cam a2200241 a 4500
001 000002787
005 20240306073909.0
008 030324s2002 cu b 000 0dspa
020 _a9597006707
040 _aDO-SdBNP
_bspa
_cBNPHU
082 _a923.27291
_bR696d
100 1 _aRodríguez, Pedro Pablo
_d1946-?
_98793
245 1 0 _aDe las dos Américas :
_baproximaciones al pensamiento martiano. /
_cPedro Pablo Rodríguez; editor, Ela López Ugarte.
260 _aLa Habana, Cuba :
_bCentro de Estudios Martianos,
_c2002.
300 _aix, 275 p. ;
_c21 cm.
490 1 _aAla y raíz
504 _aIncluye referencias bibliográficas
600 1 0 _aMartí, José,
_d1853-1895
_9645
600 1 4 _aMARTÍ, JOSÉ
_xPENSAMIENTO POLÍTICO
_98794
651 4 _aAmérica Latina
_xRelaciones Exteriores
_94075
700 1 _aLópez Ugarte, Ela
_eed.
_98795
830 0 _aAla y raíz.
_98796
999 _c2621
_d2621